| 000 | 00323nam a22001217a 4500 | ||
|---|---|---|---|
| 040 | _cDLC | ||
| 082 |
_a306.2095 _bLUL |
||
| 100 |
_aLei, Gao _989033 |
||
| 245 | _aContemporary Chinese Society: Basic Systems and Daily Life | ||
| 260 |
_aBeijing _bChina Renmin University Press _c2018 |
||
| 300 | _a241p. : | ||
| 942 |
_2ddc _cBK |
||
| 999 |
_c587872 _d587872 |
||